| 000 | 00546 a2200181 4500 | ||
|---|---|---|---|
| 001 | ART_9639 | ||
| 005 | 20260410161837.0 | ||
| 008 | 260409a | ||
| 245 | 1 | 0 | _aBases para la determinación de resultados |
| 100 | 1 | _aGarcía, Sergio O. | |
| 700 | 1 | _aElizalde, Mario D. | |
| 700 | 1 | _aMaquieira, Alberto G. | |
| 700 | 1 | _aMerodio, Haroldo M. | |
| 700 | 1 | _aPiccina, José | |
| 700 | 1 | _aSeijas, Pedro José | |
| 700 | 1 | _aVega, Rubén O. | |
| 773 | 0 |
_tContabilidad y administración _g- Año 6, Nº 57 (mar. 1982) _wREV5485 |
|
| 999 |
_c23759 _d23759 |
||